00305nam a22001097a 4500020001800000082001600018100002300034245008200057260003700139300001100176563000800187 a9781352010725 a346.02bSTE aStephenson, Graham aCore Statutes on Contract, Torts & Restitution 2020-2021 /cGraham Stephenson aLondon:bRed Globe Press,c2020. a332 p. aPB.